اكتمل التصدير — 

犍陀罗美术与希腊-罗马世界:简明导论

محفوظ في:

المؤلف الرئيسي: Stewart, Peter (مؤلف)

التنسيق: كتاب

منشور في: Oxford Archaeopress Publishing Ltd 2024

الوسوم: إضافة وسم

لا توجد وسوم, كن أول من يضع وسما على هذه التسجيلة!

رقم الطلب:

LEADER 00632namaa2200169 4500
001 9781803278650
003 UkOxAP
005 20260405155015.0
020 |a 9781803278667 
776 1 |x 9781803278650 
245 0 0 |a 犍陀罗美术与希腊-罗马世界:简明导论 
100 1 |a Stewart, Peter  |e Author 
856 4 2 |a http://library.arce.org:8087/Archaeopress/Products/9781803278667 
260 |a Oxford  |b Archaeopress Publishing Ltd  |c 2024 
270 |a Archaeopress Publishing Ltd, Summertown Pavillion, 18 -24 Middle Way, Summertown  |b Oxford  |d United Kingdom  |e OX2 7LG  |k 44-1865-311914  |m info@archaeopress.com 
942 |2 lcc  |c EBOOK 
999 |c 62040  |d 62040